| Tag |
First Indicator |
Second Indicator |
Subfields |
| LEADER |
00000cam a2200000 a 4500 |
| 001 |
in00000009415 |
| 005 |
20151007051535.0 |
| 008 |
870219s1987 wb a b 00110 eng |
| 010 |
|
|
|a 87004648
|
| 020 |
|
|
|a 0387175822 (U.S.)
|
| 035 |
|
|
|a (OCoLC)15284855
|
| 035 |
|
|
|9 AAA3500AM
|
| 040 |
|
|
|a DLC
|c DLC
|d TXA
|d UtOrBLW
|
| 049 |
|
|
|a TXAM
|c [A12564253]
|
| 050 |
0 |
0 |
|a QC611
|b .S33 1987
|
| 082 |
0 |
|
|a 537.6/22
|2 19
|
| 100 |
1 |
|
|a Schöll, E.
|q (Eckehard),
|d 1951-
|
| 245 |
1 |
0 |
|a Nonequilibrium phase transitions in semiconductors :
|b self-organization induced by generation and recombination processes /
|c E. Schöll.
|
| 264 |
|
1 |
|a Berlin ;
|a New York :
|b Springer-Verlag,
|c [1987]
|
| 264 |
|
4 |
|c ©1987
|
| 300 |
|
|
|a xi, 313 pages :
|b illustrations ;
|c 25 cm.
|
| 336 |
|
|
|a text
|b txt
|2 rdacontent
|
| 337 |
|
|
|a unmediated
|b n
|2 rdamedia
|
| 338 |
|
|
|a volume
|b nc
|2 rdacarrier
|
| 490 |
1 |
|
|a Springer series in synergetics ;
|v 35
|
| 504 |
|
|
|a Bibliography: pages [287]-308.
|
| 500 |
|
|
|a Includes index.
|
| 650 |
|
0 |
|a Semiconductors.
|
| 650 |
|
0 |
|a Phase transformations (Statistical physics)
|
| 650 |
|
0 |
|a Phase rule and equilibrium.
|
| 650 |
|
0 |
|a Trapped-particle instabilities.
|
| 740 |
0 |
|
|a Self-organization induced by generation and recombination processes.
|
| 830 |
|
0 |
|a Springer series in synergetics ;
|v v. 35.
|
| 999 |
|
|
|a MARS
|
| 999 |
f |
f |
|s bfdf10dd-0af1-3eef-98a9-78fd24111e1d
|i 94a59f93-f4b3-3e28-a635-3ad2b8f73d08
|t 0
|
| 952 |
f |
f |
|p normal
|a Texas A&M University
|b College Station
|c Sterling C. Evans Library
|d Evans: Library Stacks
|t 0
|e QC611 .S33 1987
|h Library of Congress classification
|i unmediated -- volume
|m A14812564253
|
| 998 |
f |
f |
|a QC611 .S33 1987
|t 0
|l Evans: Library Stacks
|